Fabric and mineral analysis of soils

Bewaard in:
Bibliografische gegevens
Hoofdauteur: Brewer, Roy
Formaat: Boek
Taal:Undetermined
Gepubliceerd in: New York John Wiley and Sons 1964
Onderwerpen:
Tags: Voeg label toe
Geen labels, Wees de eerste die dit record labelt!
Thư viện lưu trữ: Trung tâm Học liệu Trường Đại học Cần Thơ
LEADER 00497nam a2200181Ia 4500
001 CTU_18167
008 210402s9999 xx 000 0 und d
082 |a 549 
082 |b B841 
100 |a Brewer, Roy 
245 0 |a Fabric and mineral analysis of soils 
245 0 |c Roy Brewer 
260 |a New York 
260 |b John Wiley and Sons 
260 |c 1964 
650 |a Soil mineralogy 
904 |i Nguyễn Quang Điền, QHieu 
980 |a Trung tâm Học liệu Trường Đại học Cần Thơ